000 01202cam a2200361 a 4500
001 9187
003 FISKH
005 20251128101027.0
008 910724s1992 xx a j 000 1 eng
010 _a 91073988
020 _a0307126854
020 _a9780307126856
035 _a601258
040 _aDLC
_cDLC
_dDLC
050 _aPZ7.M462 W
082 _a818.54
100 1 _aMayer, Mercer,
_d1943-
245 1 0 _aWhat a bad dream /
_cby Mercer Mayer.
260 _aNew York :
_bGolden Book ;
_c1992.
300 _a24 unnumbered pages :
_bcolor illustrations ;
_c21 cm
490 0 _aA Golden look-look book
505 _aE
520 _aIn his dream, Little Critter turns into a monster that is so scary that he can do whatever he wants, but he discovers that he does not like being alone.
521 8 _a230
_bLexile estimate
521 8 _aE
_bRaz-Plus
650 1 _aNightmares
_xFiction.
650 1 _aDreams
_xFiction.
650 1 _aBehavior
_xFiction.
856 4 2 _3Contributor biographical information
_uhttps://www.loc.gov/catdir/enhancements/fy1612/91073988-b.html
906 _a7
_bcbc
_corignew
_d2
_eopcn
_f19
_gy-gencatlg
942 _2ddc
_cBK
_n0
999 _c9187
_d9187